Normal view
MARC view
- التنمية الاقتصادية- الاقتصاد الاسلامي- علم السكان
Entry Topical Term
001 - CONTROL NUMBER
- control field: 28963
003 - CONTROL NUMBER IDENTIFIER
- control field: JO-AjAnu
005 - DATE AND TIME OF LATEST TRANSACTION
- control field: 20230606074913.0
008 - FIXED-LENGTH DATA ELEMENTS
- fixed length control field: 230606|| aca||aabn | a|a d
040 ## - CATALOGING SOURCE
- Original cataloging agency: JO-AjAnu
- Transcribing agency: JO-AjAnu
150 ## - HEADING--TOPICAL TERM
- Topical term or geographic name entry element: التنمية الاقتصادية- الاقتصاد الاسلامي- علم السكان
670 ## - SOURCE DATA FOUND
- Source citation: Work cat.: (JO-AjAnu)14867: الشبول، محمد فاروق , author 28962, النمو السكاني والتنمية من منظور الإقتصاد الإسلامي= Population Growth and Development from Islamic Economy Perspective